SD Eibar Squad 2015-2016 - Statistics

General Stats
  • This quiz has been taken 12 times
  • The average score is 17 of 27
Answer Stats
# Position Nation Player % Correct
7 DF Spain Ander Capa
100%
14 MF Spain Dani García
100%
- Coach Spain José Luis Mendilibar
100%
5 MF Argentina Gonzalo Escalante
100%
13 GK Spain Asier Riesgo
80%
18 FW Spain Borja Bastón
80%
4 DF Spain Iván Ramis
80%
15 DF Argentina Mauro dos Santos
80%
10 FW Spain Mikel Arruabarrena
80%
9 FW Spain Sergi Enrich
80%
8 FW Japan Takashi Inui
80%
1 GK Spain Xabi Irureta
80%
3 DF Serbia Aleksandar Pantić
60%
19 DF Spain Antonio Luna
60%
17 DF Spain David Juncà
60%
6 MF Croatia Josip Radošević
60%
16 DF Spain Lillo Castellano
60%
21 FW Spain Saúl Berjón
60%
2 FW Italy Simone Verdi
60%
24 MF Spain Adrián González
40%
6 MF Azerbaijan Eddy Silvestre
40%
11 FW Bosnia and Herzegovina Izet Hajrović
40%
20 FW Spain Keko Gontán
40%
23 DF Spain Borja Ekiza
20%
2 DF Spain Ion Ansotegi
20%
25 GK Spain Jaime Jiménez
20%
22 FW Spain Jota Peleteiro
20%
No matching quizzes found
Score Distribution
Percent of People with Each Score
Percentile by Number Answered
Your Score History
You have not taken this quiz